| 000 | 00508nam a22001697a 4500 | ||
|---|---|---|---|
| 003 | MACL | ||
| 005 | 20160806120526.0 | ||
| 008 | 160806b xxu||||| |||| 00| 0 eng d | ||
| 040 | _cMACL | ||
| 041 | _aHindi | ||
| 082 | _a891.433 PUR | ||
| 100 |
_aपुरी, मनोहर _9536 |
||
| 245 |
_aआपातनामा _cमनोहर पुरी |
||
| 260 |
_aनई दिल्ली _bज्ञान गंगा _c2014 |
||
| 650 |
_aउपन्यास _966251 |
||
| 942 |
_2ddc _cHIN |
||
| 999 |
_c55552 _d55552 |
||